Szczegóły MARC21

The social commerce handbook : 20 secrets for turning social media into social sales /

005 -DATA I CZAS OSTATNIEJ MODYFIKACJI [,]
    • @
    • pole kontrolne
    • 20140526092736.0
020 -Międzynarod. znormalizowany nr książki - ISBN [ , ]
    • a
    • Numer ISBN
    • 9780071802024 Find
020 -Międzynarod. znormalizowany nr książki - ISBN [ , ]
    • a
    • Numer ISBN
    • 0071802029 (MHID) Find
020 -Międzynarod. znormalizowany nr książki - ISBN [ , ]
    • a
    • Numer ISBN
    • 9780071802031 (eISBN) Find
020 -Międzynarod. znormalizowany nr książki - ISBN [ , ]
    • a
    • Numer ISBN
    • 0071802037 (eMHID) Find
040 -Instytucja sporządzająca opis [ , ]
    • a
    • Instytucja, która sporządziła opis (NP)
    • SZCZ U/DL
    • c
    • Instytucja, która sporządziła rekord (NP)
    • SZCZ U/DL
    • d
    • Instytucja, która zmodyfikowała rekord (P)
    • SZCZ U/ML
041 -Język dokumentu [0, ]
    • a
    • Język tekstu (P)
    • angielski
044 -Kraj miejsca wydania [ , ]
    • a
    • Kraj miejsca wydania
    • USA
942 -Rodzaj dokumentu [ , ]
    • c
    • Rodzaj dokumentu
    • Książka
100 -Hasło główne - nazwa osobowa [1, ]
    • 9
    • KHW
    • 70932
    • a
    • Nazwa osobowa (NP)
    • Marsden, Paul.
245 -Strefa tytułu i oznaczenia odpowiedzialności [1,4]
    • a
    • Tytuł
    • The social commerce handbook : Find
    • b
    • Ciąg dalszy tytułu (NP)
    • 20 secrets for turning social media into social sales / Find
    • c
    • Pozostałe elementy strefy tytułu i oznaczenia odpowiedzialności (NP)
    • Paul Marsden, Paul Chaney.
246 -Wariant tytułu [3,0]
    • a
    • Tytuł (NP)
    • The sovial commerce handbook :
    • b
    • Ciąg dalszy tytułu (NP)
    • twenty secrets for turning social media into social sales
260 -Strefa adresu wydawniczego [ , ]
    • a
    • Miejsce wydania (P)
    • New York :
    • b
    • Nazwa wydawcy (P)
    • McGraw-Hill,
    • c
    • Data wydania (P)
    • cop. 2013.
300 -Strefa opisu fizycznego [ , ]
    • a
    • Określenie formy książki i/lub objętość (NP)
    • XX, 186 s. ;
    • c
    • Format (NP)
    • 24 cm.
500 -Uwaga ogólna [ , ]
    • a
    • Uwaga ogólna (NP)
    • Na okł.: Proven solutions for selling to the new social shopper from the world's smartest brands.
504 -Uwaga dot. bibliogr. załącznikowej [ , ]
    • a
    • Uwaga dot. bibliografii załącznikowej
    • Bibliogr. w przypisach. Indeks.
080 -Uniwersalna Klasyfikacja Dziesiętna [ , ]
    • 2
    • Identyfikator wydania tablic
    • UDC-P058
    • 9
    • UKD
    • 3312
    • a
    • Symbol klasyfikacji
    • 339.3:004.738.5
    • b
    • Dopowiedzenie
    • Handel elektroniczny.
    • 4
    • UKD2
    • 7665
    • x
    • Poddział wspólny
    • (075.8)
    • c
    • Dopowiedzenie poddz. wspólnego
    • (Podręczniki dla szkół wyższych. Skrypty).
    • 4
    • UKD2
    • 7644
    • x
    • Poddział wspólny
    • =111
    • c
    • Dopowiedzenie poddz. wspólnego
    • =Język angielski.
080 -Uniwersalna Klasyfikacja Dziesiętna [ , ]
    • 2
    • Identyfikator wydania tablic
    • BN KHW UKD
    • 9
    • UKD
    • 68772
    • a
    • Symbol klasyfikacji
    • 339.138:004.738.5
    • b
    • Dopowiedzenie
    • Marketing elektroniczny. Marketing internetowy.
    • 4
    • UKD2
    • 7665
    • x
    • Poddział wspólny
    • (075.8)
    • c
    • Dopowiedzenie poddz. wspólnego
    • (Podręczniki dla szkół wyższych. Skrypty).
    • 4
    • UKD2
    • 7644
    • x
    • Poddział wspólny
    • =111
    • c
    • Dopowiedzenie poddz. wspólnego
    • =Język angielski.
080 -Uniwersalna Klasyfikacja Dziesiętna [ , ]
    • 2
    • Identyfikator wydania tablic
    • UDC-P058
    • 9
    • UKD
    • 5644
    • a
    • Symbol klasyfikacji
    • 658.8
    • b
    • Dopowiedzenie
    • Rozprowadzanie towarów. Zbyt. Sprzedaż. Sprzedaż hurtowa, detaliczna. Sklepy. Domy towarowe.
    • 4
    • UKD2
    • 7665
    • x
    • Poddział wspólny
    • (075.8)
    • c
    • Dopowiedzenie poddz. wspólnego
    • (Podręczniki dla szkół wyższych. Skrypty).
    • 4
    • UKD2
    • 7644
    • x
    • Poddział wspólny
    • =111
    • c
    • Dopowiedzenie poddz. wspólnego
    • =Język angielski.
980 -Symbol UKD [ , ]
    • a
    • UKD
    • 339.3:004.738.5:339.138:004.738.5:658.8](075.8)=111
700 -Hasło dodatkowe - nazwa osobowa [1, ]
    • 9
    • KHW
    • 70933
    • a
    • Nazwa osobowa (NP)
    • Chaney, Paul Find
    • d
    • Daty biograficzne (NP)
    • (1955- ).
710 -Hasło dodatkowe - nazwa ciała zbiorowego [2, ]
    • 4
    • Kod relacji
    • pbl
    • 9
    • KHW
    • 50887
    • a
    • Nazwa ciała zbiorowego lub nazwa geograficzna jako pierwszy element (NP)
    • McGraw-Hill Companies.
920 -ISBN [ , ]
    • a
    • ISBN
    • 978-0-07-180202-4 Find
920 -ISBN [ , ]
    • a
    • ISBN
    • 0-07-180202-9 (MHID) Find
920 -ISBN [ , ]
    • a
    • ISBN
    • 978-0-07-180203-1 (e-ISBN) Find
920 -ISBN [ , ]
    • a
    • ISBN
    • 0-07-180203-7 (e-MHID) Find
Lokalizacja Data inwentaryzacji Numer inwentarzowy Status udost.
T2014-03-24T.15556-2